載入...

Kautaliyam

書目詳細資料
主要作者: Kautilya
其他作者: Sambasivasastri
格式: Printed Book
語言:English
出版: Trivandrum Department of Publication 1972
版:2nd
主題:
LEADER 00622nam a2200253 a 4500
001 adlib96000001
003 ViArRB
005 20151026131712.0
008 960221s1955 dcuabcdjdbkoqu001 0deng d
020
022
040 |a Adlib 
082 |a 33 
245 |a Kautaliyam 
250 |a 2nd 
260 |a Trivandrum  |b Department of Publication  |c 1972 
300 |a 3 plates 
500 |a   
100 |a Kautilya 
700 |a Sambasivasastri 
942 |c BK  |6 _ 
653 |a Kautilya 
999 |c 33156  |d 33156 
952 |0 0  |1 0  |4 0  |6 33M_KAU2  |7 0  |9 44802  |a UL  |b UL  |d 2010-06-16  |o 33=M KAU.2  |p H0000271  |r 2010-06-16  |w 2010-06-16  |y BK